000 02171cam a2200457 i 4500
001 GVRL54F6
003 MiFhGG
005 20250820004433.0
006 m o d
007 cr un ---uuuua
008 191119t20202020cauad ob 000 0 eng d
020 _a9781544381428
_q(electronic book)
020 _z9781544381411
_q(paperback)
020 _z9781544381435
_q(epub)
020 _z9781544381442
_q(epub)
035 _a(OCoLC)1182026123
040 _aMiFhGG
_beng
_cMiFhGG
_erda
_epn
050 4 _aLB2806
_b.D485 2020
100 1 _aDeWitt, Peter M.,
_eauthor.
245 1 0 _aInstructional leadership :
_bcreating practice out of theory /
_cPeter M. DeWitt.
250 _aFirst edition.
264 1 _aThousand Oaks, California :
_bCorwin,
_c[2020]
264 4 _c©2020
300 _a1 online resource (xxv, 142 pages) :
_bcolor illustrations, charts
336 _atext
_btxt
_2rdacontent
337 _acomputer
_bc
_2rdamedia
338 _aonline resource
_bcr
_2rdacarrier
490 0 _aGale eBooks
504 _aIncludes bibliographical references.
505 0 _a1. Instructional leadership : a holistic approach -- 2. The logic behind implementation -- 3. A focus on learning : deepening our impact as instructional leaders -- 4. Student engagement : from alienation to social-emotional learning -- 5. Instructional strategies : exploring surface, deep, and transfer learning -- 6. Collective efficacy : easy to define, hard to build? -- 7. Evidence : how will you evaluate your impact?
520 _aThis title provides practical tools for instructional leadership improvement. Includes strategies and study questions.
588 _aDescription based on print version record.
650 0 _aEducational leadership.
650 0 _aSchool management and organization.
650 0 _aCommunication in education.
710 2 _aGale (Firm)
776 0 8 _iPrint version:
_tInstructional leadership.
_dThousand Oaks, California : Corwin, [2020]
_z9781544381411
_w(DLC) 2019046097
856 4 0 _uhttps://link.gale.com/apps/pub/54F6/GVRL?sid=gale_marc&u=phurs
_zAvailable via Gale eBooks. Click here to access
912 _a54F6
942 _2lcc
_cE-BOOK
999 _c84279
_d84277